00655nam a2200229 a 4500001001300000003000900013005001700022008004100039020000800080082001600088100002200104245004500126260004000171300000900211500003500220505001000255650001800265902000800283942000700291952011200298999001500410nice12345678IN_TiNIC20260116011402.0050524s1956 newa grp 000 0 eng  ac000a001.42bJOH aJohnson, Roy Ivan aCommunication; Handling Ideas Efectively aNew YorkbMcgraw-Hill Book Coc1956 a361p aincludes index and biblioraphy2 aindex aReport Making bSRS cBK 001040708StackRoom-aHMIbHMId2005-05-24g0.00l0o001.42 JOHp02241r2005-05-24v0.00w2005-05-24yBK c1065d1065